Optical resonators : (Record no. 175935)
[ view plain ]
| 000 -LEADER | |
|---|---|
| fixed length control field | 00882 a2200217 4500 |
| 003 - CONTROL NUMBER IDENTIFIER | |
| control field | Nust |
| 005 - DATE AND TIME OF LATEST TRANSACTION | |
| control field | 20170207152513.0 |
| 010 ## - LIBRARY OF CONGRESS CONTROL NUMBER | |
| LC control number | 97003957 |
| 020 ## - INTERNATIONAL STANDARD BOOK NUMBER | |
| International Standard Book Number | 3540761373 (hardback : alk. paper) |
| 040 ## - CATALOGING SOURCE | |
| Transcribing agency | Nust |
| 082 00 - DEWEY DECIMAL CLASSIFICATION NUMBER | |
| Classification number | 621.3827 |
| 100 1# - MAIN ENTRY--PERSONAL NAME | |
| Personal name | Hodgson, Norman, |
| 245 10 - TITLE STATEMENT | |
| Title | Optical resonators : |
| Remainder of title | fundamentals, advanced concepts, and applications / |
| Statement of responsibility, etc. | Norman Hodgson and Horst Weber. |
| 260 ## - PUBLICATION, DISTRIBUTION, ETC. | |
| Place of publication, distribution, etc. | London ; |
| -- | New York : |
| Name of publisher, distributor, etc. | Springer, |
| Date of publication, distribution, etc. | c1997. |
| 300 ## - PHYSICAL DESCRIPTION | |
| Extent | xxi, 659 p. : |
| Other physical details | ill. ; |
| Dimensions | 24 cm. |
| 505 ## - FORMATTED CONTENTS NOTE | |
| Formatted contents note | The Electromagnetic Field (Page-5), Basic Properties Of Optical Resonators (Page-135), Passive Open Resonators (Page-163), Open Resonators With Gain (Page-301), Special Resonator Concepts (Page-483), Measurement Techniques (Page-581) |
| 538 ## - SYSTEM DETAILS NOTE | |
| System details note | Almirah No 26 Shelf No 5 |
| 650 #0 - SUBJECT ADDED ENTRY--TOPICAL TERM | |
| Topical term or geographic name entry element | Laser beams. |
| 650 #0 - SUBJECT ADDED ENTRY--TOPICAL TERM | |
| Topical term or geographic name entry element | LaTelecommunication engineering |
| 700 1# - ADDED ENTRY--PERSONAL NAME | |
| Personal name | Weber, Horst, |
| Dates associated with a name | 1935- |
| 942 ## - ADDED ENTRY ELEMENTS (KOHA) | |
| Koha item type | Reference |
| Withdrawn status | Lost status | Source of classification or shelving scheme | Damaged status | Not for loan | Collection code | Permanent Location | Current Location | Date acquired | Total Checkouts | Full call number | Barcode | Date last seen | Price effective from | Koha item type |
|---|---|---|---|---|---|---|---|---|---|---|---|---|---|---|
| Military College of Signals (MCS) | Military College of Signals (MCS) | 12/12/2016 | 621.3827 HOD | MCS25018 | 12/08/2016 | 12/12/2016 | Book |
